|
|
|
|
| LEADER |
02505nam a2200577 i 4500 |
| 001 |
nkc20162826739 |
| 003 |
CZ PrNK |
| 005 |
20160822103359.0 |
| 007 |
ta |
| 008 |
160815s2016 xr a f 100 0 cze |
| 015 |
|
|
|a cnb002826739
|
| 020 |
|
|
|a 978-80-87102-13-8
|q (brožováno)
|
| 040 |
|
|
|a BOA001
|b cze
|e rda
|
| 041 |
0 |
|
|a cze
|a eng
|a slo
|b cze
|b eng
|
| 072 |
|
7 |
|a 62
|x Technika všeobecně
|2 Konspekt
|9 19
|
| 080 |
|
|
|a 62-027.28
|2 MRF
|
| 080 |
|
|
|a 62-1/-9
|2 MRF
|
| 080 |
|
|
|a 620.22
|2 MRF
|
| 080 |
|
|
|a 346.544.4
|2 MRF
|
| 080 |
|
|
|a 006.7/.8
|2 MRF
|
| 080 |
|
|
|a (062.534)
|2 MRF
|
| 111 |
2 |
|
|a Technické požadavky na konstrukční dílce, konstrukce výrobků a technická zařízení, navrhování, výroba i montáž, kontrola a zkoušení (konference)
|d (2016 :
|c Hrotovice, Česko)
|7 mzk2016923959
|4 aut
|
| 245 |
1 |
0 |
|a Technické požadavky na konstrukční dílce, konstrukce výrobků a technická zařízení, navrhování, výroba i montáž, kontrola a zkoušení :
|b technická konference : Hrotovice 2016 : 22. a 23. března 2016
|
| 246 |
3 |
0 |
|a Technická konference Hrotovice 2016
|
| 246 |
3 |
0 |
|a Technická konference 2016
|
| 246 |
1 |
4 |
|a Tesydo technická konference 2016
|
| 246 |
1 |
6 |
|a Sborník technické konference - Hrotovice 2016
|
| 246 |
1 |
8 |
|a Technická konference Tesydo 2016
|
| 264 |
|
1 |
|a Brno,
|b TESYDO, s.r.o.,
|c 2016
|
| 300 |
|
|
|a 636 stran :
|b ilustrace ;
|c 30 cm
|
| 336 |
|
|
|a text
|b txt
|2 rdacontent
|
| 337 |
|
|
|a bez média
|b n
|2 rdamedia
|
| 338 |
|
|
|a svazek
|b nc
|2 rdacarrier
|
| 500 |
|
|
|a Nad názvem: AO 263/NB 2378
|
| 500 |
|
|
|a V tiráži podnázev: sborník přednášek
|
| 500 |
|
|
|a Přehledy souvisejících právních předpisů
|
| 504 |
|
|
|a Obsahuje bibliografie
|
| 546 |
|
|
|a Částečně slovenský a anglický text, česká a anglická resumé
|
| 650 |
0 |
7 |
|a konstrukce (technika)
|7 ph182374
|2 czenas
|
| 650 |
0 |
7 |
|a technická zařízení
|7 ph882679
|2 czenas
|
| 650 |
0 |
7 |
|a konstrukční materiály
|7 ph121812
|2 czenas
|
| 650 |
0 |
7 |
|a technické požadavky na výrobky
|7 ph118239
|2 czenas
|
| 650 |
0 |
7 |
|a technické normy a standardy
|7 ph260676
|2 czenas
|
| 653 |
0 |
|
|a konstrukce výrobků
|
| 655 |
|
7 |
|a sborníky konferencí
|7 fd133333
|2 czenas
|
| 910 |
2 |
|
|a BOA001
|b 4-1373.188
|
| 990 |
|
|
|a BK
|
| 995 |
|
|
|a 60
|
| 991 |
|
|
|b 201608
|c NOV
|
| 996 |
6 |
|
|b 2610679464
|c 4-1373.188
|l MZK
|r Sklad / do 1 hodiny
|n 0
|p p.v.
|w 001574705
|u 000010
|a 1
|e BOA001
|j MZK50
|s P
|
| 996 |
7 |
|
|b 2610679465
|c 4-1373.188
|l MZK
|r Sklad / do 1 hodiny
|n 13
|p p.v.
|w 001574705
|u 000020
|a 1
|e BOA001
|j MZK50
|s A
|